| 000 | 00608nam a2200193Ia 4500 | ||
|---|---|---|---|
| 003 | OSt | ||
| 005 | 20250218143804.0 | ||
| 008 | 210210b1954 xxu||||| |||| 00| 0 eng d | ||
| 040 | _cAL | ||
| 041 | _ahin | ||
| 082 | _a864/56 | ||
| 100 |
_aMISRA (Bhagavatsvarup) _9200801 |
||
| 110 |
_bमिश्रा भगवत्स्वरूप _9200802 |
||
| 245 |
_aHindi samalochana udbhav aur vikas: _bहिंदी समालोचना उद्भव और विकास |
||
| 260 |
_aDehradoon _bSahity Sadan _c1954 |
||
| 690 |
_aHindi Criticism _9200803 |
||
| 906 | _a023593 | ||
| 942 |
_2ddc _cBK |
||
| 999 |
_c148561 _d148561 |
||